How to win Friends and Influence People (Record no. 10645)

MARC details
000 -LEADER
fixed length control field 00410nam a22001697a 4500
003 - CONTROL NUMBER IDENTIFIER
control field OSt
008 - FIXED-LENGTH DATA ELEMENTS--GENERAL INFORMATION
fixed length control field 210520b ||||| |||| 00| 0 eng d
020 ## - INTERNATIONAL STANDARD BOOK NUMBER
International Standard Book Number 9788192910994
082 ## - DEWEY DECIMAL CLASSIFICATION NUMBER
Classification number 158.1
Item number CAH
100 ## - MAIN ENTRY--PERSONAL NAME
Personal name CARNEGIE,Dale
245 ## - TITLE STATEMENT
Title How to win Friends and Influence People
250 ## - EDITION STATEMENT
Edition statement Rep
260 ## - PUBLICATION, DISTRIBUTION, ETC. (IMPRINT)
Place of publication, distribution, etc Mumbai
Name of publisher, distributor, etc India Book Distributors ltd
300 ## - PHYSICAL DESCRIPTION
Extent 322
650 ## - SUBJECT ADDED ENTRY--TOPICAL TERM
Topical term or geographic name as entry element Applied Sc
942 ## - ADDED ENTRY ELEMENTS (KOHA)
Source of classification or shelving scheme Dewey Decimal Classification
Koha item type Text Books
Holdings
Withdrawn status Lost status Source of classification or shelving scheme Damaged status Not for loan Collection code Home library Current library Date acquired Source of acquisition Currency Cost, normal purchase price Bill Number Total Checkouts Full call number Acc. no. / Barcode Date last seen Actual Cost, discounted price Bill Date Koha item type Date last borrowed Public note
    Dewey Decimal Classification     GENERAL PIET C-LIBRARY PIET C-LIBRARY 15/04/2021 Kirti Praskshan IN Rupees 225.00 IN2047   158.1 CAH 32857 20/05/2021 180.00 15/04/2021 Reference Books    
    Dewey Decimal Classification     GENERAL PIET C-LIBRARY PIET C-LIBRARY 15/04/2021 Kirti Praskshan IN Rupees 225.00 IN2047 12 177.6 CAH 32858 14/04/2025 180.00 15/04/2021 Text Books 01/04/2025  
    Dewey Decimal Classification     GENERAL PIET C-LIBRARY PIET C-LIBRARY 15/04/2021 Kirti Praskshan IN Rupees 225.00 IN2047 12 158.1 CAH 32859 21/11/2023 180.00 15/04/2021 Text Books 08/11/2023 Motivational
    Dewey Decimal Classification     GENERAL PIET C-LIBRARY PIET C-LIBRARY 15/04/2021 Kirti Praskshan IN Rupees 225.00 IN2047 14 158.1 CAH 32860 09/04/2025 180.00 15/04/2021 Text Books 20/03/2025 Motivational
    Dewey Decimal Classification     GENERAL PIET C-LIBRARY PIET C-LIBRARY 15/04/2021 Kirti Praskshan IN Rupees 225.00 IN2047 15 158.1 CAH 32861 16/12/2025 180.00 15/04/2021 Text Books 27/11/2025  

Design & Developed by: PIET Central Library
R70 Miles Stone Pattikalyana Samalkha Panipat 132102
mail ID :- [email protected], Phone No:- 0180-2569700 Ex.216